Central Library OPAC University of Rajshahi

Cell and tissue culture in forestry / (Record no. 66770)

MARC details
000 -LEADER
fixed length control field 01241nam a2200373 a 4500
001 - CONTROL NUMBER
control field 66770
003 - CONTROL NUMBER IDENTIFIER
rucl marc code BD-RjUL
005 - DATE AND TIME OF LATEST TRANSACTION
control field 20211209081557.0
008 - FIXED-LENGTH DATA ELEMENTS--GENERAL INFORMATION
fixed length control field 500101s1987 ne 001 0 eng d
020 ## - INTERNATIONAL STANDARD BOOK NUMBER
International Standard Book Number 9024734339 (set)
International Standard Book Number 9024734304 (v.1)
International Standard Book Number 9024734312 (v.2)
International Standard Book Number 9024734320 (v.3)
035 ## - SYSTEM CONTROL NUMBER
System control number (BD-RjUL)66901
040 ## - CATALOGING SOURCE
Original cataloging agency BD-RjUL
Language of cataloging eng
Transcribing agency BD-RjUL
041 ## - LANGUAGE CODE
Language code of text/sound track or separate title eng
082 ## - DEWEY DECIMAL CLASSIFICATION NUMBER
Edition number 23
Classification number 634.9
Author mark and year CEL 1987
245 00 - TITLE STATEMENT
Title Cell and tissue culture in forestry /
Statement of responsibility, etc. edited by J.M. Bonga and Don J. Durzan
250 ## - EDITION STATEMENT
Edition statement Rev. ed.1982
260 ## - PUBLICATION, DISTRIBUTION, ETC. (IMPRINT)
Place of publication, distribution, etc. Dordrecht :
Name of publisher, distributor, etc. Martinus Nijhoff,
Date of publication, distribution, etc. 1987
300 ## - PHYSICAL DESCRIPTION
Pagination v. :
Illustrations ill. ;
Size 25 cm.
490 ## - SERIES STATEMENT
Series statement Forestry sciences
500 ## - GENERAL NOTE
General note Includes index
505 0# - FORMATTED CONTENTS NOTE
Formatted contents note Contents: v. 1. General principles and biotechnology -- v. 2. Specific principles and methods -- v. 3. Case histories : gymnosperms, angiosperms and palms
650 #0 - SUBJECT ADDED ENTRY--TOPICAL TERM
Topical term or geographic name as entry element Forests and forestry.
9 (RLIN) 197664
Topical term or geographic name as entry element Plant cell culture
9 (RLIN) 197665
Topical term or geographic name as entry element Plant tissue culture
9 (RLIN) 197666
700 1# - ADDED ENTRY--PERSONAL NAME
Personal name Bonga, J. M.
Personal name Durzan, D. J.
830 #0 - SERIES ADDED ENTRY--UNIFORM TITLE
Uniform title Forestry sciences
942 ## - ADDED ENTRY ELEMENTS (KOHA)
Source of classification or shelving scheme Dewey Decimal Classification
Koha item type Books
Holdings
Lost status Source of classification or shelving scheme Damaged status Not for loan Collection code Permanent Location Current Location Shelving location Date acquired Source of acquisition Cost, normal purchase price Total Checkouts Full call number Date last seen Copy number Koha item type
  Dewey Decimal Classification   Not For Loan Non-fiction Central Library, University of Rajshahi Central Library, University of Rajshahi Reading Room 22/05/1990 Karim International 180.25   634.9 CEL V-1 1987 20/03/2017 C-1 Books
  Dewey Decimal Classification   Not For Loan Non-fiction Central Library, University of Rajshahi Central Library, University of Rajshahi Reading Room 22/05/1990 Karim International 180.25   634.9 CEL V-3 1987 20/03/2017 C-1 Books
  Dewey Decimal Classification   Not For Loan Non-fiction Central Library, University of Rajshahi Central Library, University of Rajshahi Reading Room 22/05/1990 Karim International 180.25   634.9 CEL V-2 1987 20/03/2017 C-1 Books